Etika podnikania na finančných trhoch diplomová práca

Na minha lista:
Detalhes bibliográficos
Autor principal: Hleba, Ľubomír
Autor Corporativo: Národohospodárska fakulta EU. Katedra bankovníctva a medzinárodných financií
Outros Autores: Pilch, Ctibor, 1957-
Formato: Livro
Idioma:eslovaco
Publicado em: Bratislava 2014
Tags: Adicionar Tag
Sem tags, seja o primeiro a adicionar uma tag!

MARC

LEADER 00000nbm a2200000 4500
001 0187495
005 20170201090003.6
041 0 |a slo 
044 |a SK 
245 1 0 |a Etika podnikania na finančných trhoch  |b diplomová práca  |c Ľubomír Hleba ; školiteľ: Ctibor Pilch 
264 1 |a Bratislava  |c 2014 
300 |a 77 s. 
100 1 |a Hleba, Ľubomír 
700 1 |a Pilch, Ctibor, 1957- 
710 2 |a Národohospodárska fakulta EU. Katedra bankovníctva a medzinárodných financií